Southville International School and Colleges
Your cart is empty.
  • Cart
  • Lists
    Public lists Eva Luna New books Lux_list list_1
    Your lists Log in to create your own lists
  • Log in to your account
  • Your cookies
  • Search history
Southville International School and Colleges
  • Advanced search
  • Recent comments
  • Most popular
  • Libraries

Log in to your account

Log in with GOOGLE


If you do not have an external account, but do have a local account, you can still log in:

  1. Home
  2. MARC view: Spring Raine /
Normal view MARC view ISBD view

Spring Raine / (Record no. 104801)

[ view plain ]
MARC details
000 -LEADER
fixed length control field 00429nam a2200169 a 4500
005 - DATE AND TIME OF LATEST TRANSACTION
control field 20140412111328.0
008 - FIXED-LENGTH DATA ELEMENTS--GENERAL INFORMATION
fixed length control field 110115s19uu xx 00 eng d
020 ## - INTERNATIONAL STANDARD BOOK NUMBER
International Standard Book Number 0-590-72582-3
050 ## - LIBRARY OF CONGRESS CALL NUMBER
Classification number BB
Item number Sp1 1990
100 ## - MAIN ENTRY--PERSONAL NAME
Personal name Carrick, Carol
245 ## - TITLE STATEMENT
Title Spring Raine /
Statement of responsibility, etc Carol Carrick.
260 ## - PUBLICATION, DISTRIBUTION, ETC. (IMPRINT)
Place of publication, distribution, etc NY :
Name of publisher, distributor, etc Scholastic,
Date of publication, distribution, etc 1990.
300 ## - PHYSICAL DESCRIPTION
Extent 18p.
440 ## - SERIES STATEMENT/ADDED ENTRY--TITLE
Title Big book of Magazine
650 ## - SUBJECT ADDED ENTRY--TOPICAL TERM
Topical term or geographic name as entry element Rain and Clouds
Holdings
Withdrawn status Lost status Damaged status Home library Current library Shelving location Date acquired Source of acquisition Total Checkouts Full call number Barcode Date last seen Price effective from Koha item type
      Elizalde Library Elizalde Library Big Books Section 01/15/2011     BB Sp1 1990 E8687 04/12/2014 04/12/2014 Books

Spring Raine /

APA

Carrick C., . (1990). Spring Raine. NY: Scholastic.

Chicago

Carrick Carol, . 1990. Spring Raine. NY: Scholastic.

Harvard

Carrick C., . (1990). Spring Raine. NY: Scholastic.

MLA

Carrick Carol, . Spring Raine. NY: Scholastic. 1990.

  • Place hold
  • Print
  • Cite
  • Add to your cart (remove)
  • Save record
    BIBTEX Dublin Core MARCXML MARC (non-Unicode/MARC-8) MARC (Unicode/UTF-8) MARC (Unicode/UTF-8, Standard) MODS (XML) RIS
  • More searches
    Search for this title in:
    Other Libraries (WorldCat) Other Databases (Google Scholar) Online Stores (Bookfinder.com) Open Library (openlibrary.org)

Exporting to Dublin Core...

SOUTHVILLE LIBRARY

Southville International School and Colleges Library

1281 Tropical Ave. Cor. Luxembourg St., BF Homes International, Las Pinas City

Tel. No. 8256374 / 252358 Loc. 117/146

Powered by Koha